A törvényhozó hatalmának határai
Elmentve itt :
| Szerző: | |
|---|---|
| Dokumentumtípus: | Cikk |
| Megjelent: |
1934
|
| Sorozat: | Polgári jog : a hazai és külföldi magánjog és hiteljog szemléje
10 |
| Kulcsszavak: | Jogelmélet magyar |
| Online Access: | http://misc.bibl.u-szeged.hu/3432 |
| LEADER | 00604nab a2200169 i 4500 | ||
|---|---|---|---|
| 001 | misc3432 | ||
| 005 | 20191106142320.0 | ||
| 008 | 170607s1934 hu o 0|| hun d | ||
| 040 | |a SZTE Miscellanea Repozitórium |b hun | ||
| 041 | |a hun | ||
| 100 | 1 | |a Klang Henrik | |
| 245 | 1 | 2 | |a A törvényhozó hatalmának határai |h [elektronikus dokumentum] / |c Klang Henrik |
| 260 | |c 1934 | ||
| 300 | |a 507-512a | ||
| 490 | 0 | |a Polgári jog : a hazai és külföldi magánjog és hiteljog szemléje |v 10 | |
| 695 | |a Jogelmélet magyar | ||
| 856 | 4 | 0 | |u http://misc.bibl.u-szeged.hu/3432/1/polgari_jog_1934_507-512a.pdf |z Dokumentum-elérés |